000 00359nam a22001457a 4500
003 macl
005 20180429145205.0
008 180429b xxu||||| |||| 00| 0 eng d
040 _cmacl
100 _aAsha Kiran
_972521
245 _aA to Z of common Errors in English
260 _aDelhi
_bLakshya books
_c2016
650 _aGrammer
_972522
942 _2ddc
_cBK
999 _c58072
_d58072